[Event "AZE-ch Prelim 78th"]
[Site "Baku"]
[Date "2024.04.11"]
[Round "1"]
[White "Sevdimaliyev, Urfan"]
[Black "Samadov, Read"]
[Result "0-1"]
[WhiteElo "2320"]
[BlackElo "2502"]
[PlyCount "54"]
[EventDate "2024.04.11"]
[EventType "swiss"]
[EventRounds "9"]
[EventCountry "AZE"]
[SourceTitle "CB17_2024"]
[SourceDate "2024.04.24"]
[SourceVersion "1"]
[SourceVersionDate "2024.04.24"]
[SourceQuality "1"]

1. e4 c5 2. Nf3 d6 3. d4 cxd4 4. Nxd4 Nf6 5. Nc3 a6 6. Be3 e5 7. Nf3 Be7 8. Bc4 0-0 9. 0-0 Nc6 10. Bg5 Na5 11. Bxf6 Nxc4 12. Bxe7 Qxe7 13. Nd5 Qd8 14. Qd3 Nb6 15. Ne3 Qe7 16. Rfd1 Rd8 17. c4 Be6 18. Qb3 Nxc4 19. Nxc4 b5 20. Nfd2 bxc4 21. Nxc4 Rac8 22. Rac1 d5 23. exd5 Bxd5 24. Qa4 Qh4 25. b3 Bxg2 26. Rxd8+ Qxd8 27. Qxa6 Bf3 0-1

[Event "Baku NCC 2nd"]
[Site "Baku"]
[Date "2022.12.14"]
[Round "8.1"]
[White "Gulamov, Huseyn"]
[Black "Sevdimaliyev, Urfan"]
[Result "0-1"]
[WhiteElo "2092"]
[BlackElo "2195"]
[PlyCount "112"]
[EventDate "2022.12.11"]
[EventType "team-schev"]
[EventRounds "10"]
[EventCountry "AZE"]
[SourceTitle "CBM 211 Extra"]
[Source "ChessBase"]
[SourceDate "2023.01.31"]
[SourceVersion "1"]
[SourceVersionDate "2023.01.31"]
[SourceQuality "1"]
[WhiteTeam "Team B"]
[BlackTeam "Team A"]
[WhiteTeamCountry "AZE"]
[BlackTeamCountry "AZE"]

1. d4 Nf6 2. Bf4 d5 3. Nf3 Bf5 4. e3 e6 5. c4 Bd6 6. Bg3 c6 7. Qb3 b6 8. Nbd2 Ne4 9. Nxe4 Bxe4 10. Nd2 Bf5 11. Rc1 h5 12. Bd3 Bxd3 13. Qxd3 h4 14. Bxd6 Qxd6 15. h3 Nd7 16. e4 dxe4 17. Nxe4 Qf4 18. Qe3 Qxe3+ 19. fxe3 Ke7 20. 0-0 f5 21. Nc3 Nf6 22. d5 g6 23. dxc6 Rhc8 24. e4 Rxc6 25. exf5 exf5 26. Rf4 Rh8 27. Rd1 Rd6 28. Rxd6 Kxd6 29. Rd4+ Kc5 30. Rf4 Nh5 31. Rf3 Kxc4 32. b3+ Kc5 33. Rd3 Nf6 34. Re3 Kd4 35. Re6 Kxc3 36. Rxf6 Rh7 37. Rxg6 Kb2 38. Rf6 Kxa2 39. b4 Kb3 40. b5 Rh5 41. Rd6 f4 42. Rd7 Rxb5 43. Rxa7 Rf5 44. Rb7 b5 45. Kf2 b4 46. Kf3 Rg5 47. Rf7 Rg3+ 48. Kf2 f3 49. gxf3 Rxh3 50. f4 Kb2 51. f5 Rc3 52. f6 Rc6 53. Ke3 b3 54. Rf8 Kc2 55. f7 Rc7 56. Rh8 Rxf7 0-1

[Event "Baku NCC 2nd"]
[Site "Baku"]
[Date "2022.12.12"]
[Round "3.1"]
[White "Sevdimaliyev, Urfan"]
[Black "Gulamov, Huseyn"]
[Result "1/2-1/2"]
[WhiteElo "2195"]
[BlackElo "2092"]
[PlyCount "65"]
[EventDate "2022.12.11"]
[EventType "team-schev"]
[EventRounds "10"]
[EventCountry "AZE"]
[SourceTitle "CBM 211 Extra"]
[Source "ChessBase"]
[SourceDate "2023.01.31"]
[SourceVersion "1"]
[SourceVersionDate "2023.01.31"]
[SourceQuality "1"]
[WhiteTeam "Team A"]
[BlackTeam "Team B"]
[WhiteTeamCountry "AZE"]
[BlackTeamCountry "AZE"]

1. e4 e6 2. d4 d5 3. Nc3 Nf6 4. exd5 exd5 5. Bb5+ Nc6 6. Bg5 Be7 7. Nf3 0-0 8. 0-0 Bg4 9. Bxc6 bxc6 10. Qd3 Bxf3 11. Qxf3 Ne4 12. Bxe7 Qxe7 13. Nxe4 dxe4 14. Qe3 Rad8 15. Rfd1 f5 16. Qb3+ Kh8 17. Qa4 Rd6 18. Re1 f4 19. f3 Re6 20. Rxe4 Rxe4 21. fxe4 Qxe4 22. Qc4 Qe3+ 23. Kh1 f3 24. Rf1 fxg2+ 25. Kxg2 Qe4+ 26. Kg3 Rxf1 27. Qxf1 Qg6+ 28. Kh3 Qh6+ 29. Kg4 Qg6+ 30. Kh4 Qh6+ 31. Kg4 Qg6+ 32. Kh4 Qh6+ 33. Kg4 1/2-1/2

[Event "Nakhchivan IM"]
[Site "Nakhchivan"]
[Date "2022.11.20"]
[Round "8.3"]
[White "Danesharaste, Arvin"]
[Black "Sevdimaliyev, Urfan"]
[Result "1/2-1/2"]
[WhiteElo "2037"]
[BlackElo "2210"]
[PlyCount "51"]
[EventDate "2022.11.17"]
[EventType "schev"]
[EventRounds "10"]
[EventCountry "AZE"]
[SourceTitle "CBM 211 Extra"]
[Source "ChessBase"]
[SourceDate "2023.01.31"]
[SourceVersion "1"]
[SourceVersionDate "2023.01.31"]
[SourceQuality "1"]
[WhiteTeam "Challengers"]
[BlackTeam "Experts"]
[WhiteTeamCountry "IRI"]
[BlackTeamCountry "AZE"]

1. d4 d5 2. c4 dxc4 3. e3 Nf6 4. Bxc4 e6 5. Nf3 c5 6. 0-0 a6 7. dxc5 Bxc5 8. Qxd8+ Kxd8 9. Rd1+ Ke7 10. a3 Bd7 11. b4 Bd6 12. Bb2 Bc6 13. Be5 Bxe5 14. Nxe5 Ba4 15. Rd2 Nbd7 16. Nf3 Rhc8 17. Bf1 Rc1 18. Rda2 Rac8 19. Nbd2 e5 20. Rxc1 Rxc1 21. Rb2 Ra1 22. Nb1 Ne4 23. h3 f6 24. Bd3 Bc6 25. Ne1 Nc3 26. Nxc3 1/2-1/2

[Event "Nakhchivan IM"]
[Site "Nakhchivan"]
[Date "2022.11.17"]
[Round "2.3"]
[White "Behzad Nazif, Parva"]
[Black "Sevdimaliyev, Urfan"]
[Result "1-0"]
[WhiteElo "2035"]
[BlackElo "2210"]
[PlyCount "89"]
[EventDate "2022.11.17"]
[EventType "schev"]
[EventRounds "10"]
[EventCountry "AZE"]
[SourceTitle "CBM 211 Extra"]
[Source "ChessBase"]
[SourceDate "2023.01.31"]
[SourceVersion "1"]
[SourceVersionDate "2023.01.31"]
[SourceQuality "1"]
[WhiteTeam "Challengers"]
[BlackTeam "Experts"]
[WhiteTeamCountry "IRI"]
[BlackTeamCountry "AZE"]

1. d4 Nf6 2. c4 b6 3. Nc3 Bb7 4. f3 d5 5. cxd5 Nxd5 6. e4 Nxc3 7. bxc3 e5 8. Bb5+ c6 9. Bc4 b5 10. Bb3 exd4 11. Qxd4 Nd7 12. Be3 c5 13. Qd2 Ne5 14. Rd1 Qxd2+ 15. Rxd2 c4 16. Bc2 Ba3 17. Ne2 0-0 18. Kf2 a5 19. Rb1 Ba6 20. Rd5 Rfe8 21. Nd4 Rad8 22. Nxb5 Rxd5 23. exd5 Bxb5 24. Rxb5 a4 25. Rb1 Rd8 26. Be4 Kf8 27. Bb6 Rd7 28. Bd4 Bd6 29. Rb6 Ke7 30. Bf5 Rc7 31. f4 Nd7 32. Bxd7 Rxd7 33. Kf3 g6 34. Rc6 Rb7 35. Rxc4 a3 36. Ra4 Rb2 37. c4 Rc2 38. Ra7+ Kd8 39. Ra6 Bb4 40. c5 Rxa2 41. Ra8+ Kd7 42. c6+ Kd6 43. Rd8+ Kc7 44. Rd7+ Kc8 45. Bb6 1-0

[Event "Nakhchivan Sunday GM 06"]
[Site "Nakhchivan"]
[Date "2022.06.15"]
[Round "7"]
[White "Sevdimaliyev, Urfan"]
[Black "Garayev, Murad"]
[Result "1/2-1/2"]
[WhiteElo "2180"]
[BlackElo "2368"]
[PlyCount "30"]
[EventDate "2022.06.12"]
[EventType "schev"]
[EventRounds "10"]
[EventCountry "AZE"]
[SourceTitle "CBM 209 Extra"]
[Source "ChessBase"]
[SourceDate "2022.09.30"]
[SourceVersion "1"]
[SourceVersionDate "2022.09.30"]
[SourceQuality "1"]
[WhiteTeam "Team A"]
[BlackTeam "Team B"]
[WhiteTeamCountry "AZE"]
[BlackTeamCountry "AZE"]

1. e4 e5 2. Nf3 Nc6 3. Bb5 Nf6 4. Nc3 Bc5 5. 0-0 0-0 6. Nxe5 Nxe5 7. d4 Bd6 8. dxe5 Bxe5 9. Bd3 d6 10. Bg5 h6 11. Bh4 g5 12. Bg3 Re8 13. Bxe5 dxe5 14. Qf3 Qe7 15. Bc4 c6 1/2-1/2

[Event "Nakhchivan Sunday GM 06"]
[Site "Nakhchivan"]
[Date "2022.06.14"]
[Round "5"]
[White "Sevdimaliyev, Urfan"]
[Black "Alumert, Orkun Efe"]
[Result "0-1"]
[WhiteElo "2180"]
[BlackElo "2350"]
[PlyCount "94"]
[EventDate "2022.06.12"]
[EventType "schev"]
[EventRounds "10"]
[EventCountry "AZE"]
[SourceTitle "CBM 209 Extra"]
[Source "ChessBase"]
[SourceDate "2022.09.30"]
[SourceVersion "1"]
[SourceVersionDate "2022.09.30"]
[SourceQuality "1"]
[WhiteTeam "Team A"]
[BlackTeam "Team B"]
[WhiteTeamCountry "AZE"]
[BlackTeamCountry "AZE"]

1. d4 Nf6 2. c4 g6 3. Nc3 d5 4. cxd5 Nxd5 5. e4 Nxc3 6. bxc3 Bg7 7. Bc4 c5 8. Be3 Nc6 9. Ne2 cxd4 10. cxd4 0-0 11. 0-0 Na5 12. Bd5 e6 13. Bb3 Nxb3 14. Qxb3 b6 15. Rfd1 Ba6 16. Ng3 h5 17. Rac1 h4 18. Nf1 h3 19. g3 Be2 20. Rd2 Bf3 21. Qd3 f5 22. e5 Bd5 23. f4 Qd7 24. Qe2 Rfc8 25. Rdc2 Be4 26. Rxc8+ Rxc8 27. Rxc8+ Qxc8 28. g4 Qc3 29. gxf5 Bxf5 30. Qf3 Qc2 31. Qf2 Qb1 32. a4 Qa1 33. Qh4 Qxa4 34. Qd8+ Bf8 35. Ng3 Qd1+ 36. Kf2 Qc2+ 37. Ke1 Qxh2 38. Nxf5 Qh1+ 39. Kd2 Qg2+ 40. Kd3 gxf5 41. Qf6 h2 42. Qxe6+ Kh8 43. Qf6+ Bg7 44. Qd8+ Kh7 45. Qh4+ Kg8 46. Qd8+ Bf8 47. Qh4 h1Q 0-1

[Event "Nakhchivan Sunday GM 06"]
[Site "Nakhchivan"]
[Date "2022.06.13"]
[Round "3"]
[White "Sevdimaliyev, Urfan"]
[Black "Ismayilov, Orkhan Elburus"]
[Result "1-0"]
[WhiteElo "2180"]
[BlackElo "2179"]
[PlyCount "69"]
[EventDate "2022.06.12"]
[EventType "schev"]
[EventRounds "10"]
[EventCountry "AZE"]
[SourceTitle "CBM 209 Extra"]
[Source "ChessBase"]
[SourceDate "2022.09.30"]
[SourceVersion "1"]
[SourceVersionDate "2022.09.30"]
[SourceQuality "1"]
[WhiteTeam "Team A"]
[BlackTeam "Team B"]
[WhiteTeamCountry "AZE"]
[BlackTeamCountry "AZE"]

1. e4 e6 2. b3 d5 3. Bb2 Nf6 4. exd5 exd5 5. Qe2+ Be6 6. Nf3 Be7 7. Nd4 Qd7 8. Nxe6 fxe6 9. g3 e5 10. Bxe5 0-0 11. Bg2 Nc6 12. 0-0 Nxe5 13. Qxe5 Rae8 14. Qb2 Bc5 15. d4 Bd6 16. Nd2 c6 17. Nf3 Qc7 18. Rad1 Ne4 19. c4 g6 20. Nd2 c5 21. b4 Qb6 22. Qc2 Qxb4 23. Bxe4 dxe4 24. Nxe4 cxd4 25. Rb1 Qa3 26. c5 Bc7 27. Qc4+ Kh8 28. Rxb7 Rxe4 29. Rxc7 Qa5 30. Rf7 Qd8 31. Rxf8+ Qxf8 32. c6 Re8 33. c7 Rc8 34. Qxd4+ Kg8 35. Qd7 1-0

[Event "Nakhchivan Sunday GM 06"]
[Site "Nakhchivan"]
[Date "2022.06.12"]
[Round "2"]
[White "Garayev, Murad"]
[Black "Sevdimaliyev, Urfan"]
[Result "1/2-1/2"]
[WhiteElo "2368"]
[BlackElo "2180"]
[PlyCount "29"]
[EventDate "2022.06.12"]
[EventType "schev"]
[EventRounds "10"]
[EventCountry "AZE"]
[SourceTitle "CBM 209 Extra"]
[Source "ChessBase"]
[SourceDate "2022.09.30"]
[SourceVersion "1"]
[SourceVersionDate "2022.09.30"]
[SourceQuality "1"]
[WhiteTeam "Team B"]
[BlackTeam "Team A"]
[WhiteTeamCountry "AZE"]
[BlackTeamCountry "AZE"]

1. e4 c5 2. Nf3 Nc6 3. Bb5 e6 4. Nc3 Nge7 5. Bxc6 Nxc6 6. 0-0 Be7 7. d4 cxd4 8. Nxd4 a6 9. f4 b5 10. Nxc6 dxc6 11. Qxd8+ Kxd8 12. e5 Kc7 13. a4 b4 14. Ne4 a5 15. Rd1 1/2-1/2

[Event "Marmaris Karya 19th"]
[Site "Marmaris"]
[Date "2022.05.15"]
[Round "1.1"]
[White "Caglar, Sila"]
[Black "Sevdimaliyev, Urfan"]
[Result "0-1"]
[WhiteElo "2133"]
[BlackElo "2331"]
[PlyCount "86"]
[EventDate "2022.05.15"]
[EventType "schev"]
[EventRounds "10"]
[EventCountry "TUR"]
[SourceTitle "CBM 208 Extra"]
[Source "ChessBase"]
[SourceDate "2022.07.31"]
[SourceVersion "1"]
[SourceVersionDate "2022.07.31"]
[SourceQuality "1"]

1. e4 c5 2. c3 d5 3. exd5 Qxd5 4. Nf3 g6 5. Na3 Bg7 6. d4 cxd4 7. Nb5 Na6 8. Nbxd4 Nf6 9. Bb5+ Nd7 10. Qe2 0-0 11. 0-0 e5 12. Bc4 Qc5 13. b4 Qe7 14. Nb5 Nb6 15. Bg5 Qd7 16. Bb3 Nc7 17. Na3 Ne6 18. Rfd1 Qe8 19. Rac1 Bd7 20. c4 Bc6 21. Be3 Nf4 22. Bxf4 exf4 23. Qxe8 Rfxe8 24. Nd4 Ba4 25. Nab5 Bxb3 26. Nxb3 Re7 27. Nc5 Be5 28. Nd6 Bxd6 29. Rxd6 Nxc4 30. Rd4 Ne5 31. Rcd1 f3 32. g3 Nc6 33. Rf4 b6 34. Nb3 Re2 35. Rxf3 Rxa2 36. b5 Ne5 37. Re3 Ng4 38. Re7 Nxf2 39. Rdd7 Nh3+ 40. Kh1 Ng5 41. Nd2 Rc8 42. h4 Rc1+ 43. Kg2 Rcc2 0-1

[Event "Marmaris Icmeler"]
[Site "Marmaris"]
[Date "2022.05.09"]
[Round "10.5"]
[White "Sevdimaliyev, Urfan"]
[Black "Nazari, Arad"]
[Result "0-1"]
[WhiteElo "2331"]
[BlackElo "2287"]
[PlyCount "48"]
[EventDate "2022.05.05"]
[EventType "schev"]
[EventRounds "10"]
[EventCountry "TUR"]
[SourceTitle "CBM 208 Extra"]
[Source "ChessBase"]
[SourceDate "2022.07.31"]
[SourceVersion "1"]
[SourceVersionDate "2022.07.31"]
[SourceQuality "1"]

1. Nf3 Nf6 2. e3 g6 3. b3 Bg7 4. Bb2 0-0 5. Be2 d5 6. 0-0 c5 7. c4 Nc6 8. cxd5 Nxd5 9. Bxg7 Kxg7 10. Qc1 Qd6 11. Nc3 b6 12. Nxd5 Qxd5 13. Qc3+ f6 14. Rac1 Bb7 15. Rfd1 Rfd8 16. Bc4 Qh5 17. d4 Rac8 18. a3 cxd4 19. Nxd4 Nxd4 20. Rxd4 Rxd4 21. Qxd4 b5 22. Qd7 Qd5 23. Qxe7+ Kh6 24. e4 Qxe4 0-1

[Event "Marmaris Icmeler"]
[Site "Marmaris"]
[Date "2022.05.08"]
[Round "7.3"]
[White "Taspinar, Yanki"]
[Black "Sevdimaliyev, Urfan"]
[Result "1/2-1/2"]
[WhiteElo "2176"]
[BlackElo "2331"]
[PlyCount "115"]
[EventDate "2022.05.05"]
[EventType "schev"]
[EventRounds "10"]
[EventCountry "TUR"]
[SourceTitle "CBM 208 Extra"]
[Source "ChessBase"]
[SourceDate "2022.07.31"]
[SourceVersion "1"]
[SourceVersionDate "2022.07.31"]
[SourceQuality "1"]

1. e4 c5 2. Nf3 Nc6 3. d4 cxd4 4. Nxd4 g6 5. Nc3 Bg7 6. Be3 Nf6 7. Bc4 0-0 8. Bb3 d6 9. f3 Bd7 10. Qd2 Rc8 11. 0-0-0 Nxd4 12. Bxd4 b5 13. Nd5 Nxd5 14. Bxg7 Kxg7 15. exd5 a5 16. a3 Kg8 17. g4 b4 18. axb4 axb4 19. Qxb4 Rb8 20. Qd4 Qa5 21. Bc4 Rfc8 22. b3 Rb4 23. Qd3 Bb5 24. Bxb5 Rxb5 25. Kb2 Rbc5 26. c4 Rxc4 27. bxc4 Rb8+ 28. Qb3 Rxb3+ 29. Kxb3 Qb6+ 30. Kc3 Qe3+ 31. Rd3 Qe5+ 32. Kc2 Qe2+ 33. Kc3 Kf8 34. h4 h5 35. g5 Qf2 36. Kb3 Kg7 37. Kc3 Qe2 38. Rhd1 Qf2 39. Rd4 Qxf3+ 40. R1d3 Qe2 41. Rd2 Qe3+ 42. Kc2 Kf8 43. R2d3 Qe5 44. Rd2 Ke8 45. Kd3 f6 46. gxf6 Qxf6 47. Re4 g5 48. hxg5 Qxg5 49. Re3 h4 50. Rh2 Qf5+ 51. Kc3 Qf1 52. Reh3 Qc1+ 53. Kd3 Qd1+ 54. Kc3 Qc1+ 55. Kb3 Qb1+ 56. Kc3 Qc1+ 57. Kb3 Qb1+ 58. Kc3 1/2-1/2

[Event "Marmaris Icmeler"]
[Site "Marmaris"]
[Date "2022.05.07"]
[Round "6.4"]
[White "Sevdimaliyev, Urfan"]
[Black "Kilic, Eray"]
[Result "0-1"]
[WhiteElo "2331"]
[BlackElo "2192"]
[PlyCount "50"]
[EventDate "2022.05.05"]
[EventType "schev"]
[EventRounds "10"]
[EventCountry "TUR"]
[SourceTitle "CBM 208 Extra"]
[Source "ChessBase"]
[SourceDate "2022.07.31"]
[SourceVersion "1"]
[SourceVersionDate "2022.07.31"]
[SourceQuality "1"]

1. e4 c5 2. Nf3 d6 3. d4 cxd4 4. Nxd4 Nf6 5. Nc3 a6 6. Qe2 e5 7. Nf5 d5 8. Bg5 d4 9. 0-0-0 Nc6 10. f4 Qa5 11. fxe5 dxc3 12. exf6 Be6 13. Rd5 Qxa2 14. bxc3 gxf6 15. Bxf6 Rg8 16. g4 Rg6 17. g5 Rxf6 18. gxf6 Bxf5 19. exf5+ Ne7 20. Qe3 Bh6 21. Qxh6 Nxd5 22. Bg2 0-0-0 23. Bxd5 Qa1+ 24. Kd2 Rxd5+ 25. Ke2 Qxh1 0-1

[Event "Marmaris Icmeler"]
[Site "Marmaris"]
[Date "2022.05.05"]
[Round "1.4"]
[White "Kilic, Eray"]
[Black "Sevdimaliyev, Urfan"]
[Result "1-0"]
[WhiteElo "2192"]
[BlackElo "2331"]
[PlyCount "91"]
[EventDate "2022.05.05"]
[EventType "schev"]
[EventRounds "10"]
[EventCountry "TUR"]
[SourceTitle "CBM 208 Extra"]
[Source "ChessBase"]
[SourceDate "2022.07.31"]
[SourceVersion "1"]
[SourceVersionDate "2022.07.31"]
[SourceQuality "1"]

1. e4 e6 2. d4 d5 3. Nc3 dxe4 4. Nxe4 Nd7 5. Nf3 Ngf6 6. Nxf6+ Nxf6 7. Be3 Nd5 8. Bd3 Bd6 9. Qe2 Qe7 10. c4 Nxe3 11. fxe3 c6 12. 0-0-0 e5 13. Qc2 h6 14. Kb1 0-0 15. Rhf1 Bg4 16. Bf5 Bxf5 17. Qxf5 exd4 18. exd4 Rae8 19. c5 Bc7 20. Rde1 Qd8 21. Rxe8 Qxe8 22. Re1 Qc8 23. Qe4 Rd8 24. a3 Qd7 25. Qe7 b6 26. Qxd7 Rxd7 27. Re8+ Kh7 28. Ra8 Bf4 29. b4 Be3 30. b5 Rc7 31. d5 cxd5 32. c6 Kg6 33. Ne5+ Kf5 34. Nd3 Bc5 35. Nxc5 bxc5 36. Kc2 Ke5 37. Rxa7 Kd6 38. Ra8 Re7 39. Rd8+ Kc7 40. Rxd5 Kb6 41. Rd7 Rxd7 42. cxd7 Kc7 43. a4 f5 44. a5 Kxd7 45. Kd3 f4 46. Ke4 1-0

[Event "Marmaris Icmeler"]
[Site "Marmaris"]
[Date "2022.05.05"]
[Round "2.3"]
[White "Sevdimaliyev, Urfan"]
[Black "Taspinar, Yanki"]
[Result "0-1"]
[WhiteElo "2331"]
[BlackElo "2176"]
[PlyCount "67"]
[EventDate "2022.05.05"]
[EventType "schev"]
[EventRounds "10"]
[EventCountry "TUR"]
[SourceTitle "CBM 208 Extra"]
[Source "ChessBase"]
[SourceDate "2022.07.31"]
[SourceVersion "1"]
[SourceVersionDate "2022.07.31"]
[SourceQuality "1"]

1. e4 e5 2. Nf3 Nc6 3. Bb5 a6 4. Bxc6 dxc6 5. 0-0 f6 6. d4 exd4 7. Nxd4 c5 8. Ne2 Qxd1 9. Rxd1 Bd7 10. Nbc3 0-0-0 11. Be3 Re8 12. Rd2 Bc6 13. Rad1 b6 14. Nf4 Bd6 15. f3 Be5 16. Ncd5 Ne7 17. c3 Nxd5 18. Nxd5 Rhf8 19. g3 Kb7 20. Re1 Rd8 21. Bf4 Bxf4 22. gxf4 f5 23. c4 fxe4 24. Rxe4 Rd7 25. Kf2 b5 26. b3 Rf5 27. Kg3 Bxd5 28. cxd5 Rfxd5 29. Rxd5 Rxd5 30. Re7 c4 31. Re4 Rc5 32. Re2 c3 33. Rc2 Kb6 34. f5 0-1

[Event "Nakhchivan Sunday IM 04 2nd"]
[Site "Nakhchivan"]
[Date "2022.04.15"]
[Round "8"]
[White "Hamidi, Amir Mohammad"]
[Black "Sevdimaliyev, Urfan"]
[Result "1-0"]
[WhiteElo "2276"]
[BlackElo "2330"]
[PlyCount "61"]
[EventDate "2022.04.10"]
[EventType "tourn"]
[EventRounds "9"]
[EventCountry "AZE"]
[EventCategory "1"]
[SourceTitle "CBM 207 Extra"]
[Source "ChessBase"]
[SourceDate "2022.05.31"]
[SourceVersion "1"]
[SourceVersionDate "2022.05.31"]
[SourceQuality "1"]

1. d4 Nf6 2. c4 g6 3. Nc3 d5 4. Nf3 Bg7 5. Bg5 Ne4 6. Bf4 Nxc3 7. bxc3 c5 8. e3 0-0 9. Be2 dxc4 10. Bxc4 Nc6 11. 0-0 Bf5 12. Rc1 cxd4 13. cxd4 Rc8 14. Qa4 a6 15. Qa3 Qa5 16. Qb3 Qb4 17. Bxf7+ Kh8 18. Bd5 Qxb3 19. axb3 Bd3 20. Rfe1 h6 21. Bxc6 bxc6 22. Be5 Be4 23. Bxg7+ Kxg7 24. Ne5 Bd5 25. Rc3 Rc7 26. e4 Bg8 27. d5 c5 28. Rec1 Rfc8 29. Nd3 Kf6 30. f3 g5 31. Nxc5 1-0

[Event "Nakhchivan Sunday IM 04 2nd"]
[Site "Nakhchivan"]
[Date "2022.04.13"]
[Round "5"]
[White "Ilyasli, Ughur"]
[Black "Sevdimaliyev, Urfan"]
[Result "1/2-1/2"]
[WhiteElo "2347"]
[BlackElo "2330"]
[PlyCount "36"]
[EventDate "2022.04.10"]
[EventType "tourn"]
[EventRounds "9"]
[EventCountry "AZE"]
[EventCategory "1"]
[SourceTitle "CBM 207 Extra"]
[Source "ChessBase"]
[SourceDate "2022.05.31"]
[SourceVersion "1"]
[SourceVersionDate "2022.05.31"]
[SourceQuality "1"]

1. e4 d6 2. d4 Nf6 3. Nc3 e5 4. f4 exd4 5. Qxd4 Nc6 6. Bb5 Bd7 7. Bxc6 Bxc6 8. Nge2 g6 9. b4 a6 10. e5 dxe5 11. Qxe5+ Kd7 12. f5 Bd6 13. Qd4 Nh5 14. Rf1 Kc8 15. fxg6 fxg6 16. Bg5 Qe8 17. 0-0-0 h6 18. Bh4 g5 1/2-1/2

[Event "Nakhchivan Sunday IM 04 2nd"]
[Site "Nakhchivan"]
[Date "2022.04.11"]
[Round "2"]
[White "Sevdimaliyev, Urfan"]
[Black "Mammadov, Sadig"]
[Result "1-0"]
[WhiteElo "2330"]
[BlackElo "2233"]
[PlyCount "39"]
[EventDate "2022.04.10"]
[EventType "tourn"]
[EventRounds "9"]
[EventCountry "AZE"]
[EventCategory "1"]
[SourceTitle "CBM 207 Extra"]
[Source "ChessBase"]
[SourceDate "2022.05.31"]
[SourceVersion "1"]
[SourceVersionDate "2022.05.31"]
[SourceQuality "1"]

1. d4 d5 2. Nf3 Nf6 3. Bg5 Ne4 4. Bh4 g6 5. Nbd2 Bg7 6. e3 Bg4 7. Nxe4 dxe4 8. h3 Bh5 9. g4 exf3 10. gxh5 Qd5 11. hxg6 hxg6 12. Bg3 Nc6 13. c3 0-0-0 14. Qb3 Qf5 15. 0-0-0 e5 16. d5 Ne7 17. Qa3 Nxd5 18. Qxa7 Nb6 19. Bb5 e4 20. Bc6 1-0

[Event "Nakhchivan Sunday IM 3rd"]
[Site "Nakhchivan"]
[Date "2022.03.26"]
[Round "9"]
[White "Sevdimaliyev, Urfan"]
[Black "Khalesi, Vahid"]
[Result "1/2-1/2"]
[WhiteElo "2353"]
[BlackElo "2302"]
[PlyCount "30"]
[EventDate "2022.03.20"]
[EventType "tourn"]
[EventRounds "9"]
[EventCountry "AZE"]
[EventCategory "1"]
[SourceTitle "CBM 207 Extra"]
[Source "ChessBase"]
[SourceDate "2022.05.31"]
[SourceVersion "1"]
[SourceVersionDate "2022.05.31"]
[SourceQuality "1"]

1. e4 e6 2. d4 d5 3. exd5 exd5 4. Nf3 Nf6 5. Bd3 Bd6 6. 0-0 0-0 7. Bg5 Bg4 8. c3 c6 9. Nbd2 Nbd7 10. Qc2 Qc7 11. Rfe1 Rfe8 12. Bh4 Bh5 13. Bg3 Bg6 14. Bxg6 hxg6 15. Bxd6 Qxd6 1/2-1/2

[Event "Nakhchivan Sunday IM 2nd"]
[Site "Nakhchivan"]
[Date "2022.03.16"]
[Round "5"]
[White "Sevdimaliyev, Urfan"]
[Black "Aslanov, Umid Fuad"]
[Result "1-0"]
[WhiteElo "2353"]
[BlackElo "2226"]
[PlyCount "115"]
[EventDate "2022.03.13"]
[EventType "tourn"]
[EventRounds "9"]
[EventCountry "AZE"]
[EventCategory "1"]
[SourceTitle "CBM 207 Extra"]
[Source "ChessBase"]
[SourceDate "2022.05.31"]
[SourceVersion "1"]
[SourceVersionDate "2022.05.31"]
[SourceQuality "1"]

1. e4 c5 2. Nc3 d6 3. d4 cxd4 4. Qxd4 Nf6 5. e5 dxe5 6. Qxd8+ Kxd8 7. Nf3 a6 8. Nxe5 Ke8 9. Bf4 Nbd7 10. 0-0-0 e6 11. Nc4 b5 12. Nd6+ Bxd6 13. Bxd6 Bb7 14. a4 bxa4 15. f3 Nb6 16. Be2 Rc8 17. Rd4 Nfd5 18. Nxd5 Nxd5 19. Rxa4 Rc6 20. Ba3 Kd7 21. Kb1 Rhc8 22. Bd3 h6 23. Rd4 Kc7 24. Re1 Nf6 25. c4 a5 26. b3 Ba6 27. Re5 Kb6 28. Be7 Nd5 29. Ba3 Nf6 30. Kb2 R8c7 31. Re1 Rd7 32. Rxd7 Nxd7 33. Be4 Nc5 34. Bxc6 Nd3+ 35. Kc3 Nxe1 36. Be8 Nxg2 37. Bxf7 Bb7 38. Bxe6 Bxf3 39. Bf8 Nf4 40. Bf7 Bh5 41. Bg8 Ne2+ 42. Kd3 Ng1 43. Bxg7 Nf3 44. h3 Bg6+ 45. Ke3 Nh4 46. Bf6 Ng2+ 47. Kd4 Nf4 48. Bd8+ Kc6 49. Bxa5 Nxh3 50. Bd2 Ng1 51. Bd5+ Kc7 52. b4 Ne2+ 53. Kc5 h5 54. b5 h4 55. b6+ Kb8 56. Bg5 Bf7 57. Bxf7 h3 58. Bf6 1-0

[Event "Nakhchivan Sunday IM 2nd"]
[Site "Nakhchivan"]
[Date "2022.03.14"]
[Round "2"]
[White "Abdullayev, Azer"]
[Black "Sevdimaliyev, Urfan"]
[Result "0-1"]
[WhiteElo "2018"]
[BlackElo "2353"]
[PlyCount "106"]
[EventDate "2022.03.13"]
[EventType "tourn"]
[EventRounds "9"]
[EventCountry "AZE"]
[EventCategory "1"]
[SourceTitle "CBM 207 Extra"]
[Source "ChessBase"]
[SourceDate "2022.05.31"]
[SourceVersion "1"]
[SourceVersionDate "2022.05.31"]
[SourceQuality "1"]

1. e4 e6 2. d4 d5 3. Nc3 Bb4 4. Nge2 dxe4 5. a3 Be7 6. Nxe4 Nf6 7. Nxf6+ Bxf6 8. Be3 Nc6 9. Qd2 e5 10. d5 Ne7 11. Rd1 Nf5 12. c4 0-0 13. Nc3 Nxe3 14. fxe3 Bg5 15. Be2 f5 16. 0-0 Qd6 17. Rfe1 Qb6 18. Bf1 f4 19. Na4 Qh6 20. d6 cxd6 21. Qxd6 Bh4 22. Qxh6 gxh6 23. exf4 Bxe1 24. Rxe1 exf4 25. Nc3 Bg4 26. Nd5 f3 27. gxf3 Bxf3 28. Bg2 Bxg2 29. Kxg2 Rf7 30. Re6 Kg7 31. b4 Raf8 32. Re3 Kh8 33. h4 Rf5 34. Kg3 h5 35. Nc3 Rg8+ 36. Kh3 Rf1 37. Kh2 Rf4 38. Re4 Rf2+ 39. Kh1 Rg3 40. Re8+ Kg7 41. Ne4 Rh3+ 42. Kg1 Re2 43. Nd6 Rxe8 44. Nxe8+ Kf8 45. Nd6 Rxa3 46. Nxb7 Ra4 47. b5 Rxc4 48. Nd8 Rb4 49. Nc6 Rxb5 50. Nxa7 Rc5 51. Kf2 Ke7 52. Ke3 Kd7 53. Kd4 Ra5 0-1

[Event "Nakhchivan Sunday IM 2nd"]
[Site "Nakhchivan"]
[Date "2022.03.14"]
[Round "3"]
[White "Sevdimaliyev, Urfan"]
[Black "Atakishiyev, Elmar"]
[Result "1/2-1/2"]
[WhiteElo "2353"]
[BlackElo "2215"]
[PlyCount "42"]
[EventDate "2022.03.13"]
[EventType "tourn"]
[EventRounds "9"]
[EventCountry "AZE"]
[EventCategory "1"]
[SourceTitle "CBM 207 Extra"]
[Source "ChessBase"]
[SourceDate "2022.05.31"]
[SourceVersion "1"]
[SourceVersionDate "2022.05.31"]
[SourceQuality "1"]

1. c4 Nf6 2. g3 g6 3. Bg2 Bg7 4. Nc3 0-0 5. e4 d6 6. Nge2 e5 7. 0-0 Be6 8. d3 Qd7 9. f4 Bh3 10. Nd5 Bxg2 11. Kxg2 Nxd5 12. cxd5 c6 13. f5 f6 14. Qb3 Qf7 15. Nc3 Na6 16. Be3 g5 17. Rf2 c5 18. a3 Rfb8 19. Nb5 Bf8 20. Rh1 h5 21. Rd1 Rc8 1/2-1/2